| 000 | 00701nam a22002057a 4500 | ||
|---|---|---|---|
| 005 | 20260415102556.0 | ||
| 008 | 260415b |||||||| |||| 00| 0 eng d | ||
| 020 | _a978-1-3986-1012-5 | ||
| 082 | _a658 W785 2023 | ||
| 100 |
_aWinter, Helen _9493 |
||
| 245 |
_aThe business analysis handbook: _btechniques to deliver better business outcomes / _cHelen Winter |
||
| 250 | _a2nd ed | ||
| 260 |
_aLondon: _bKogan Page, _cc2023 |
||
| 300 |
_ax, 319p.: _bill. |
||
| 504 | _aIncludes index | ||
| 541 | _e8005 c.1 | ||
| 650 |
_aBusiness analysts - Handbooks, manuals, etc. _9494 |
||
| 650 |
_aStrategic planning - Handbooks, manuals, etc. _9495 |
||
| 650 |
_aProject management - Handbooks, manuals, etc. _9496 |
||
| 999 |
_c2598 _d2598 |
||